| 000 | 00500nam a2200133Ia 4500 | ||
|---|---|---|---|
| 008 | 260210s9999 xx 000 0 und d | ||
| 024 | _a17B-028-SE, 17B-040-SE, 17B-017-SE, 17B-047-SE & 17B-018-SE | ||
| 082 | _a004.252072 ALI | ||
| 100 | _aAliza Siddiqui, Muhammad Immaduddin, Muhammad Unais, Saba Hayat Khan & Syed Mohsin ul Hasan Zaidi | ||
| 245 | 0 | _aAutomating Models | |
| 260 |
_aKarachi: _bUITU, _c2017 |
||
| 600 | _aSoftware Engineering | ||
| 650 | _aBachelor of Computer Science (BS) | ||
| 999 |
_c33458 _d33458 |
||